<?xml version="1.0" encoding="UTF-8"?>
<marc:record xmlns:marc="http://www.loc.gov/MARC21/slim">
   <marc:leader>00000nam a2200000 a 4500</marc:leader>
   <marc:datafield ind1="1" ind2=" " tag="100">
      <marc:subfield code="a">Toon, Paige</marc:subfield>
      <marc:subfield code="4">aut</marc:subfield>
      <marc:subfield code="e">Verfasser/-in</marc:subfield>
   </marc:datafield>
   <marc:datafield ind1=" " ind2=" " tag="653">
      <marc:subfield code="a">Liebesgeschichte</marc:subfield>
   </marc:datafield>
   <marc:datafield ind1="0" ind2="0" tag="245">
      <marc:subfield code="a">Lucy in the Sky</marc:subfield>
   </marc:datafield>
   <marc:datafield ind1=" " ind2="1" tag="264">
      <marc:subfield code="a">Frankfurt a. M.</marc:subfield>
      <marc:subfield code="b">Fischer</marc:subfield>
      <marc:subfield code="c">2021</marc:subfield>
   </marc:datafield>
   <marc:datafield ind1=" " ind2=" " tag="250">
      <marc:subfield code="a">1. Auflage</marc:subfield>
   </marc:datafield>
   <marc:datafield ind1="1" ind2=" " tag="520">
      <marc:subfield code="a">Eine SMS und ein Langstreckenflug &#x96; ein himmlischer Liebesroman von Bestseller-Autorin Paige Toon##Noch bis eben war sich Lucy sicher, glücklich zu sein. Zusammen mit James, einem smarten Anwalt, wohnt sie in einer schicken, kleinen Wohnung in London und hat einen glamourösen Job in einer PR-Agentur. Also keinen Grund, warum die Hochzeit ihrer besten Freundin Molly in Australien und ein zweiwöchiger Urlaub ihr Leben in Frage stellen sollten.##Doch kurz bevor das Flugzeug startet, bekommt Lucy eine SMS von James&#x92; Handy. Bevor sie ihr Telefon ausschalten muss, wirft sie schnell noch einen Blick auf die Nachricht ...##Als Tochter eines australischen Rennfahrers wuchs Paige Toon in Australien, England und Amerika auf. Nach ihrem Studium arbeitete sie zuerst bei verschiedenen Zeitschriften und anschließend sieben Jahre lang als Redakteurin beim Magazin »Heat«. Paige Toon schreibt inzwischen hauptberuflich und lebt mit ihrer Familie &#x96; sie ist verheiratet und hat zwei Kinder &#x96; in Cambridgeshire. .#Christine Strüh, geboren 1954, lebt in Berlin. Sie ist Übersetzerin von Gillian Flynn, Cecelia Ahern, Judy Blume, Pete Hamill, Laini Taylor und anderen.</marc:subfield>
   </marc:datafield>
   <marc:datafield ind1=" " ind2=" " tag="020">
      <marc:subfield code="a">9783596706822</marc:subfield>
      <marc:subfield code="9">9783596706822</marc:subfield>
   </marc:datafield>
   <marc:datafield ind1=" " ind2=" " tag="041">
      <marc:subfield code="a">ger</marc:subfield>
   </marc:datafield>
   <marc:datafield ind1=" " ind2=" " tag="300">
      <marc:subfield code="a">432 Seiten</marc:subfield>
   </marc:datafield>
</marc:record>
